| 000 | 00508nam a22001817a 4500 | ||
|---|---|---|---|
| 005 | 20150416102601.0 | ||
| 010 | _aENG-112334 | ||
| 020 |
_a9789382536154 _c160.00 |
||
| 035 | _aEN-95866 | ||
| 037 | _bDBAD/PUB | ||
| 082 | _aN | ||
| 100 | _aSood, S.K. | ||
| 245 |
_aMarriage without marriage / _cby S.K.Sood |
||
| 260 |
_aNew Delhi _bLiFi Publications _c2015 |
||
| 270 |
_a211, 2nd Floor, Gagandeep, 12 Rajendra Place _bNew Delhi _e110008 |
||
| 300 |
_ax, 136p. _c22cm(pbk) |
||
| 942 |
_2ddc _cEN _mSOO _hN |
||
| 999 |
_c92123 _d92123 |
||